Normal view
MARC view
Entry Personal Name
001 - CONTROL NUMBER
- control field: 1236107
003 - CONTROL NUMBER IDENTIFIER
- control field: OSt
005 - DATE AND TIME OF LATEST TRANSACTION
- control field: 20260430122631.0
008 - FIXED-LENGTH DATA ELEMENTS
- fixed length control field: 260430|| aca||aabn | a|a d
040 ## - CATALOGING SOURCE
- Original cataloging agency: OSt
- Transcribing agency: OSt
100 ## - HEADING--PERSONAL NAME
- Personal name: Warnock, G J
670 ## - SOURCE DATA FOUND
- Source citation: Work cat.: (OSt)191952: 77559, Philosophy of perception, 1967.
